Evénements du 12 novembre - Statistiques

Statistiques générales
  • Ce quiz a été pris 50 fois
  • Le résultat moyen est 5 sur 15
Statistiques - réponses
Hint Réponse % Correct
Naissance de l'amiral de Bougainville 1729
72%
Naissance d'Auguste Rodin, sculpteur 1840
50%
Albert Santos-Dumont franchit 220 m avec son aéroplane 1906
47%
Le cuirassé Tirpitz est coulé 1944
44%
Sacre de Lothaire, roi des Francs 954
42%
Mort du pape Boniface III 607
36%
Abdication de Charles 1er d'Autriche 1918
33%
Atterrissage du module Philae 2014
22%
Naissance du dessinateur Piem 1923
19%
Exclusion de Léon Trotski du P.C. de l'URSS 1927
19%
Naissance de Grace Kelly 1929
19%
Intronisation de l'empereur du Japon Akihito 1990
17%
Inauguration de l'aéroport du Bourget 1937
14%
Mort du chef d'orchestre Franck Pourcel 2000
14%
Mort du dessinateur Piem 2020
14%
Aucun quiz correspondant
Distribution des résultats
% des personnes avec chaque résultat
Percentile par nombre de réponses
Votre historique - résultats
Vous n’avez pas pris ce quiz